• 首页
  • 本馆介绍
  • 公告通知
  • 最新文献
  • 馆藏检索
  • 电子资源
  • 读者导购
  • 参考咨询
  • 我的图书馆
  • 登录
  • 详细信息显示
  • 放入我的书架
  • 预约/预借图书
  • 作者相关作品
  • 分类相关作品
  • 丛书相关作品
  • 出版社相关作品

书目信息

  • 表格格式
  • 工作单格式
  • 卡片格式
题名:
楹联丛话
    
 
作者: 梁章钜 辑
分册:  
出版信息: 上海   上海商务印书馆  1981
页数: 322页
开本: 19cm
丛书名:
单 册:
中图分类: I269.6
科图分类:
主题词: 散文--中国 , 散文--作品综合集--中国
电子资源:
ISBN:
000 00657nam0 2200253 45
001 0181007760
005 20040408112642.9
010    @dCNY0.90
100    @a19950608d1981 em y0chiy0121 ea
101 0  @achi
102    @aCN@b310000
105    @ay z 000zy
106    @ar
200 10 @a楹联丛话@Aying lian cong hua@f梁章钜辑
205    @b影印本
210    @a上海@c上海商务印书馆@d1981
215    @a322页@d19cm
606 0  @a散文@x中国
606 0  @a散文@x作品综合集@x中国
690    @aI269.6
701  0 @a梁章钜@Aliang zhang ju@4辑
801  0 @aCN@b上海图书馆@c20040408
801  2 @aCN@bNLC@c20040408
905    @f2@b54372-373@dI269.6@e68@b54375@f1
    
    楹联丛话/梁章钜辑.-影印本.-上海:上海商务印书馆,1981
    322页;19cm
    
    
    ISBN :CNY0.90
    
●
相关链接 在E读中查询图书 在五车中查询图书 在当当中查询图书 在豆瓣中查询图书


正题名:楹联丛话     索取号:I269.6/68         预约/预借

序号 登录号 条形码 馆藏地/架位号 状态 备注
1 0054372   000013899   第二借阅区/ [索取号:I269.6/68] 在馆    
2 0054373   000013906   密集书库/ [索取号:I269.6/68] 在馆    
3 0054375   000013853   密集书库/ [索取号:I269.6/68] 在馆    
4 0054376   000013915   第一样本阅览室/ [索取号:I269.6/68] 在馆    
唐山师范学院图书馆 欢迎您!
大连网信软件有限公司© 版权所有